| 000 | 01130cam a22001934a 4500 | ||
|---|---|---|---|
| 005 | 20250605163431.0 | ||
| 008 | 250528s ||||||||||||||||||||||||d | ||
| 035 | _a19138 | ||
| 020 | _a582040930 | ||
| 040 |
_aGR-AtMCL _bgre _dGR-AtMCL _eAACR2 |
||
| 245 | 1 | _aLanguage Activator / The World's First Production Dictionary | |
| 250 | _a1st | ||
| 260 |
_bLongman, _c1993 |
||
| 300 | _a1598 | ||
| 520 | _aCalling all students and teachers of English - this revolutionary dictionary will help you expand your vocabulary and increase your proficiency in English. Pronunciation Table, Preface, Introduction to the Longman Language Activator, The Scope of the Longman Language Activator, Vocabulary Acquisition and the Activator, The Conceptual Map of English and the Activator, Semantic Analysis and the Activator, Informal and Formal and A Spoken Language and the Activator, The Value of the Activator to Students of English, Explanatory Page, How to Use the Longman Language Activator, The Dictionary A-Z, Key Words, Longman Defining Vocabulary, Grammatical Information. | ||
| 942 | _cBK | ||
| 999 |
_c4416 _d4416 |
||